Bandi Waan / (Record no. 524892)

000 -LEADER
fixed length control field 00509nam a22001937a 4500
003 - CONTROL NUMBER IDENTIFIER
control field NUST
005 - DATE AND TIME OF LATEST TRANSACTION
control field 20190627091206.0
008 - FIXED-LENGTH DATA ELEMENTS--GENERAL INFORMATION
fixed length control field 190627b ||||| |||| 00| 0 eng d
038 ## - RECORD CONTENT LICENSOR
Staff Name Waseem
082 ## - DEWEY DECIMAL CLASSIFICATION NUMBER
Classification number 891.423
Author Mark ZAM
100 ## - MAIN ENTRY--PERSONAL NAME
Personal name Zaman, Fakhar
9 (RLIN) 14913
245 ## - TITLE STATEMENT
Title Bandi Waan /
Statement of responsibility, etc. Fakhar Zaman
260 ## - PUBLICATION, DISTRIBUTION, ETC.
Place of publication, distribution, etc. Lahore :
Name of publisher, distributor, etc. Peoples Publishing House,
Date of publication, distribution, etc. 1984.
300 ## - PHYSICAL DESCRIPTION
Extent 288 P. ;
500 ## - GENERAL NOTE
General note Hardcover.
880 ## - ALTERNATE GRAPHIC REPRESENTATION
Linkage 100-01\r
Title فخر زمان
880 ## - ALTERNATE GRAPHIC REPRESENTATION
Linkage 245-02\r
Title بندی وان /
942 ## - ADDED ENTRY ELEMENTS (KOHA)
Source of classification or shelving scheme
Koha item type Book
Holdings
Withdrawn status Lost status Source of classification or shelving scheme Damaged status Not for loan Permanent Location Current Location Date acquired Total Checkouts Full call number Barcode Date last seen Price effective from Koha item type
          Central Library (CL) Central Library (CL) 06/27/2019   891.423 ZAM CL-E-262 06/27/2019 06/27/2019 Book
© 2023 Central Library, National University of Sciences and Technology. All Rights Reserved.